000 00443cam a2200145 4500500
005 20260111093130.0
041 _afre
042 _adc
100 1 0 _aTrochet, Jean-René
_eauthor
245 0 0 _aHabiter et vivre ensemble
260 _c2014.
500 _a58
786 0 _nLa Géographie | 1554 | 3 | 2014-07-01 | p. 12-14 | 1964-9002
856 4 1 _uhttps://shs.cairn.info/revue-la-geographie-2014-3-page-12?lang=fr&redirect-ssocas=7080
999 _c1625461
_d1625461